Fr. Conceicao Rodrigues College of Engineering

Process control Instrumentation technology (Record no. 23663)

MARC details
000 -LEADER
fixed length control field 00342nam a2200145Ia 4500
082 ## - DEWEY DECIMAL CLASSIFICATION NUMBER
Classification number 658.5
Item number JOH
100 ## - MAIN ENTRY--PERSONAL NAME
Personal name Johnson/Curtis
250 ## - EDITION STATEMENT
Edition statement 7
245 ## - TITLE STATEMENT
Title Process control Instrumentation technology
260 ## - PUBLICATION, DISTRIBUTION, ETC.
Name of publisher, distributor, etc. Prentice Hall of India
Place of publication, distribution, etc. New Delhi
Date of publication, distribution, etc. 2003
300 ## - PHYSICAL DESCRIPTION
Extent 694
546 ## - LANGUAGE NOTE
Language note ENGLISH
654 ## - SUBJECT ADDED ENTRY--FACETED TOPICAL TERMS
Focus term Process control
942 ## - ADDED ENTRY ELEMENTS (KOHA)
Koha item type BOOK
Holdings
Withdrawn status Lost status Damaged status Not for loan Collection Home library Current library Date acquired Total Checkouts Full call number Barcode Date last seen Price effective from Koha item type Cost, normal purchase price Cost, replacement price
        CRC Fr. Agnel's C.Rodrigues College of Engineering AGNEL TECHNICAL COLLEGE LIBRARY 17/03/2023   629.83 JOH 15061 27/11/2025 17/03/2023 BOOK 250.75 295.00
        CRC Fr. Agnel's C.Rodrigues College of Engineering Fr. Agnel's C.Rodrigues College of Engineering 17/03/2023   658.5 JOH 13170 17/03/2023 17/03/2023 BOOK    
        CRC Fr. Agnel's C.Rodrigues College of Engineering Fr. Agnel's C.Rodrigues College of Engineering 17/03/2023   629.83 JOH 15060 17/03/2023 17/03/2023 BOOK 250.75 295.00
        CRC Fr. Agnel's C.Rodrigues College of Engineering Fr. Agnel's C.Rodrigues College of Engineering 17/03/2023   629.83 JOH 15062 17/03/2023 17/03/2023 BOOK 250.75 295.00
        CRC Fr. Agnel's C.Rodrigues College of Engineering Fr. Agnel's C.Rodrigues College of Engineering 17/03/2023   629.83 JOH 15063 17/03/2023 17/03/2023 BOOK 250.75 295.00
        CRC Fr. Agnel's C.Rodrigues College of Engineering Fr. Agnel's C.Rodrigues College of Engineering 17/03/2023   629.83 JOH 15064 17/03/2023 17/03/2023 BOOK 250.75 295.00